| 000 | 00795nam a22002177a 4500 | ||
|---|---|---|---|
| 010 | _aA-408298 | ||
| 035 | _aA-408298 | ||
| 037 | _bCen Lib / Ret | ||
| 040 |
_aDPL _bEN |
||
| 082 |
_a012 _bGHO |
||
| 245 |
_aThe English works of Raja Rammohan Roy / _cedited by Jogendra Chunder Ghose ; with an english translation of Tuhfatul Muwahhiddin / |
||
| 260 |
_aNew Delhi _bCOSMO Publications _c1982 |
||
| 270 |
_a24-B, Ansari Road _bNew Delhi _e110002 |
||
| 300 |
_a(v 1. viii, 237p ; v 2. xxix, 240-477 ; v 3. xxix, 484-760p) _b24cm(Hb) |
||
| 650 | _aTheismus | ||
| 650 | _aIndia -- In literature. | ||
| 650 | _aIndic literature (English) -- History and criticism. | ||
| 700 | _aGhose, Jogendra Chunder | ||
| 700 | _aMuwahhiddin, Tuhfatul | ||
| 942 |
_2ddc _cEN _h012 _mGHO |
||
| 999 |
_c136682 _d136682 |
||